000 00951nam a2200217Ia 4500
003 GCL
008 140319s9999 xx 000 0 ara d
040 _aGCL /
_cGCL
082 0 4 _a210.4
_bج ا
100 1 _aابن الجوزى : ابوالفرج جمال الدين عبدالرحمن بن على بن محمد بن على القرشى البغدادى
245 1 0 _aاحكام النساء: عقائد\ عبادات\ معاملات\ اداب\ سيرة /
_cابن الجوزى : ابوالفرج جمال الدين عبدالرحمن بن على بن محمد بن على القرشى البغدادى
260 _a[S.N] :
_bدار الكتب العلمية للنشر والتوزيع ،
_c1985
300 _a158 ص
490 _a
650 0 4 _aالاسلام
650 0 4 _aالعقائد الاسلامية
650 0 4 _aالاحكام الشرعية
650 0 4 _aالعبادات
650 0 4 _aالمعاملات
942 _2ddc
_cBK
999 _c54102
_d54102